Loading...
| History - World | 0 | 5 | 1 | 2 | 45 | 114 | 130.80 | 0 | 0 | 0.00 | 0.00 |
| History - European | 0 | 4 | 1 | 0 | 35 | 57 | 93.75 | 0 | 1 | 0.00 | 0.00 |
| Philosophy | 0 | 4 | 1 | 0 | 35 | 69 | 93.00 | 2 | 4 | 0.00 | 0.00 |
| Fine Arts - Other | 0 | 3 | 1 | 1 | 25 | 45 | 92.67 | 0 | 3 | 0.00 | 0.00 |
| Science - Other | 0 | 2 | 0 | 0 | 20 | 87 | 89.00 | 1 | 1 | 0.00 | 0.00 |
| Literature - American | 0 | 2 | 1 | 0 | 15 | 106 | 107.50 | 0 | 1 | 0.00 | 0.00 |
| Social Science | 0 | 3 | 3 | 0 | 15 | 99 | 108.33 | 0 | 1 | 0.00 | 0.00 |
| Mythology | 0 | 2 | 2 | 0 | 10 | 129 | 139.50 | 0 | 1 | 0.00 | 0.00 |
| Fine Arts - Classical Music | 0 | 1 | 0 | 0 | 10 | 87 | 87.00 | 1 | 1 | 0.00 | 0.00 |
| Other Academic | 0 | 1 | 0 | 0 | 10 | 98 | 98.00 | 0 | 0 | 0.00 | 0.00 |
| Pop Culture | 0 | 1 | 0 | 0 | 10 | 54 | 54.00 | 0 | 0 | 0.00 | 0.00 |
| Science - Physics | 0 | 1 | 1 | 0 | 5 | 59 | 59.00 | 0 | 1 | 0.00 | 0.00 |
| Geography | 0 | 1 | 1 | 0 | 5 | 110 | 110.00 | 0 | 0 | 0.00 | 0.00 |
| Religion | 0 | 1 | 1 | 0 | 5 | 134 | 134.00 | 0 | 0 | 0.00 | 0.00 |
| History - Other | 0 | 1 | 1 | 0 | 5 | 126 | 126.00 | 0 | 0 | 0.00 | 0.00 |
| Literature - World | 0 | 1 | 1 | 0 | 5 | 135 | 135.00 | 0 | 0 | 0.00 | 0.00 |
| History - American | 0 | 1 | 2 | 0 | 0 | 129 | 129.00 | 0 | 0 | 0.00 | 0.00 |
| Science - Biology | 0 | 0 | 1 | 0 | -5 | 0.00 | 0 | 0 | 0.00 | 0.00 |